zpět

Detail výsledku týmu

Zelená Žába ÚT, Pardubice

Datum a čas kvízu

32 Celkem bodů Celkový počet nahraných bodů na tomto kvízu bez doplňovacích otázek.
5. Pořadí na kvízu Konečné umístění týmu na tomto kvízu.

Zaznamenané odpovědi

# Otázka Odpověď Body Výsledky
1. Čtvrt roku byli na cestě a ura... D) Velorex 1
2. Letadlo na lince z Paříže do k... usnul 0
3. V noci ze středy na čtvrtek by... Jimmy Kimmel 1
4. Finská firma Bluefors uzavřela... na Měsíci 1
5. Jak se jmenuje český skokan do... Jan Štefela 0
6. Ve spolupráci s Radou Evropy j... 1B 2D 3A 4C 0
7. Co znamená maďarské slovo hétf... pondělí 0
8. Jak se jmenuje autonomní oblas... Vojvodina 0
9. Která z těchto knih nebyla nap... B 1
10. Pozoruhodným jazykem je velšti... křeček 1